Представление документа в формате RUSMARC

Поле Инд. ПП Название Значение
Тип записи a
Библиографический уровень a
001 Контрольный номер 715f076065f24f83bcba07d252237f45
005 Дата корректировки 20190127081220.2
100 a Данные общей обработки 20190122 ||| 0rusy0189 ca
101 0_ a Язык текста rus
102 a Страна публикации RU
200 1_ f Первые сведения об ответственности А.М. Гребенцов
a Заглавие Основания пересмотра судебных актов по вновь открывшимся обстоятельствам в свете процедур банкротства
b Общее обозначение материала Текст
210 1_ d Дата издания 2018
461 _0 1 2000
a Арбитражный и гражданский процесс
463 _0 1 2000
a № 12
v С. 41-43
1 2101
d 2018
1 0013516893b297b4098a819b35a081de238
606 a Основная рубрика Гражданское процессуальное право
610 0_ a Ключевые слова АРБИТРАЖНЫЙ ПРОЦЕСС
a Ключевые слова НЕСОСТОЯТЕЛЬНОСТЬ (БАНКРОТСТВО)
a Ключевые слова ПЕРЕСМОТР СУДЕБНЫХ АКТОВ
a Ключевые слова ВНОВЬ ОТКРЫВШИЕСЯ ОБСТОЯТЕЛЬСТВА
700 _1 a Фамилия Гребенцов
b Имя А.М.
801 _0 a Страна RU
b Организация РГУП
c Дата составления 20190122
g Правила каталогизации PSBO
801 _1 a Страна RU
b Организация РГУП
c Дата составления 20190122
g Правила каталогизации PSBO
901 t Тип документа b
w Контрольный № источника 3516893b297b4098a819b35a081de238
905 a Дата ввода 20190122